Uganda's Human Resource Challenge (Record no. 6819)

MARC details
000 -LEADER
fixed length control field 00557nam a22001937a 4500
003 - CONTROL NUMBER IDENTIFIER
control field OSt
005 - DATE AND TIME OF LATEST TRANSACTION
control field 20210317121643.0
008 - FIXED-LENGTH DATA ELEMENTS--GENERAL INFORMATION
fixed length control field 210317b ||||| |||| 00| 0 eng d
020 ## - INTERNATIONAL STANDARD BOOK NUMBER
International Standard Book Number 9789970o29681
040 ## - CATALOGING SOURCE
Original cataloging agency MUST
Transcribing agency MUST
050 ## - LIBRARY OF CONGRESS CALL NUMBER
Classification number 658.3
Item number WIE
082 ## - DEWEY DECIMAL CLASSIFICATION NUMBER
Classification number 658.3 WIE 2009
100 ## - MAIN ENTRY--PERSONAL NAME
Personal name Wiegratz.
9 (RLIN) 13976
245 ## - TITLE STATEMENT
Title Uganda's Human Resource Challenge
Remainder of title Training, Business Culture and Economic Development
Statement of responsibility, etc. Jorg Wiegratz
300 ## - PHYSICAL DESCRIPTION
Extent xxii, p410
Other physical details ill:,
Dimensions 25cm
500 ## - GENERAL NOTE
General note Includes Appendices and Index
650 ## - SUBJECT ADDED ENTRY--TOPICAL TERM
Source of heading or term Economics
942 ## - ADDED ENTRY ELEMENTS (KOHA)
Source of classification or shelving scheme Dewey Decimal Classification
Koha item type Short Loan
Holdings
Withdrawn status Lost status Source of classification or shelving scheme Damaged status Not for loan Home library Current library Date acquired Source of acquisition Inventory number Total Checkouts Full call number Barcode Date last seen Price effective from Koha item type
    Other/Generic Classification Scheme     MUST Main Library MUST Main Library 17/03/2021 Donation 09/32021   658.3 WIE 2009 2021-0270 17/03/2021 17/03/2021 Short Loan